000 01078nas a2200349 4500
001 BR2016001907
003 BR-BrBNA
005 20231205130336.0
007 ta
008 230509b bl.|||p| |||| 00| 00por d
040 _aBR-BrBNA
_bpor
_cBiblioteca Nacional de Agricultura
041 _a(Pt)
072 _aL73; Q03; L70
100 1 _aMurta, A.R.
100 1 _aAbreu Junior, N.B.
100 1 _aOliveira, L.S.
100 1 _aReis, E.C.C.
100 1 _aValente, F.L.
100 1 _aGonçalves, G.P.
100 1 _aEleotério, R.B.
100 1 _aBorges, A.P.B.
245 1 _aPerfil epidemiológico e análise microbiológica da infecção de sítio cirúrgico em pacientes humanos e animais de companhia
650 _aINFECÇÃO
650 _aEPIDEMIA
650 _aMICROBIOLOGIA
650 _aANIMAL DOMÉSTICO
650 _aZOONOSE
650 _aSAÚDE PÚBLICA
773 0 _tPesquisa Veterinária Brasileira (Brazil)
_xISSN 0100-736X
_g(Jul 2015), v. 35(7) p. 652-678
_wBR2016001907
909 _a202311
_bLúcia
_c55
_dLúcia Elande
942 _2AGRIS
_n0
_cANA
999 _c248941
_d248941